| 000 | 00414 a2200157 4500 | ||
|---|---|---|---|
| 005 | 20250626160920.0 | ||
| 020 | _a0-07-240285-7 | ||
| 082 | _a658.5 DAV | ||
| 100 | _aDAVIS, M. M | ||
| 245 | _aFundamentals of Operations Management. | ||
| 250 | _a4th Ed. | ||
| 260 |
_aNew York, _bMcGraw Hill, _c2003. |
||
| 300 |
_axxviii, 688p.: ill.; _bIndex _c28cm |
||
| 700 | _aAQUILANO, N. J. [...et al...] | ||
| 942 |
_2ddc _cBKS |
||
| 999 |
_c5437 _d5437 |
||